000 00392nam a2200169Ia 4500
001 9879
003 GE_BSU
008 181216s||||||||xx |||||||||||||| ||und||
040 _cGE_BSU
245 _aSQL Server. №4 (160). Апрель.2014.
260 _aМосква
260 _bИнфопресс
260 _c2014
300 _a23стр.29см.
653 _aSQL Server
942 _cCR
999 _c43158
_d43158